Las cárceles de la miseria
Guardat en:
| Autor principal: | |
|---|---|
| Format: | Llibre |
| Idioma: | espanyol |
| Publicat: |
Buenos Aires
Manantial
2010
|
| Edició: | 2a. ed |
| Matèries: | |
| Etiquetes: |
Afegir etiqueta
Sense etiquetes, Sigues el primer a etiquetar aquest registre!
|
MARC
| LEADER | 00000cam a2200000 a 4500 | ||
|---|---|---|---|
| 001 | UCE6762 | ||
| 003 | CL-VaPUC | ||
| 008 | 150430e20100000ag |||||||||||||||||spa|d | ||
| 020 | |a 9789875001466 | ||
| 082 | 0 | 4 | |a 305.56 |b WAC |2 21 |
| 100 | 0 | |a Wacquant, Loïc |e author |9 579364 | |
| 245 | 1 | 4 | |a Las cárceles de la miseria |
| 250 | |a 2a. ed | ||
| 300 | |a 216 p | ||
| 942 | |c BK | ||
| 945 | |d 20150430 00:23:00 |a arojas | ||
| 260 | |a Buenos Aires |b Manantial |c 2010 | ||
| 650 | 0 | |a Pobreza |9 258652 | |
| 650 | 0 | |a Desigualdad social |9 349409 | |
| 650 | 0 | |a Problemas sociales |9 258537 | |
| 650 | 0 | |a Discriminación social |9 323032 | |
| 650 | 0 | |a Antropología social |9 306264 | |
| 583 | |a last modification |c 20150430 00:23:00 |k Rodrigo Vera | ||
| 999 | |c 358950 |d 358948 | ||
| 952 | |0 0 |1 0 |3 erb |4 0 |6 305_560000000000000_WAC_2010 |7 0 |8 A |9 467927 |a BIBING |b BIBING |i 5147883 |o 305.56 WAC 2010 |p 5147883 |r 2025-01-20 |w 2019-11-23 |y BK |z Catalogado en:20150430 |k GEO | ||